Statistiken für Alle Währungen Asiens mit Karte

Klicken Sie hier um das Quiz zu spielen!

Allgemein

  • Dieses Quiz wurde 39 mal gespielt
  • Das Durchschnittsergebnis liegt bei 28 aus 48

Antworten auf der Karte

Die Antworten werden auf der Karte rot bzw. grün angezeigt, abhängig davon wie oft sie richtig erraten wurden.
 

Antwortstatistiken

Antwort% Korrekt
Iranischer Rial
97%
Irakischer Dinar
91%
Nordkoreanischer Won
91%
Syrische Lira
91%
Türkische Lira
91%
Afghani
88%
Indische Rupie
88%
Jemen-Rial
88%
Jordanischer Dinar
88%
Südkoreanischer Won
88%
Yen
88%
Libanesisches Pfund
85%
Nepalesische Rupie
85%
Sri-Lanka-Rupie
85%
Katar-Riyal
82%
Kuwait-Dinar
82%
Pakistanische Rupie
82%
Philippinischer Peso
82%
Aserbaidschan-Manat
79%
Euro
79%
Neuer Taiwan-Dollar
79%
Saudi-Riyal
79%
Bahrain-Dinar
76%
Singapur-Dollar
76%
VAE-Dirham
73%
Rial Omani
70%
Turkmenistan-Manat
70%
Brunei-Dollar
67%
Baht
52%
Đồng
52%
Schekel
52%
Renminbi
33%
Tögrög
33%
Rupiah
27%
Som
24%
Kip
21%
Ringgit
21%
Somoni
21%
Ngultrum
18%
US-Dollar
18%
Dram
15%
Kyat
15%
Rufiyaa
15%
Soʻm
15%
Taka
15%
Tenge
15%
Lari
12%
Riel
12%

Verteilung der Resultate

Perzentil nach korrekt beantworteten Fragen

Anzahl Personen mit jedem Resultat

Ihre Resultats-Entwicklung

Sie haben dieses Quiz noch nicht gespielt